HBR guide to data analytics basics for managers. (Record no. 5093)

MARC details
000 -CABECERA
campo de control de longitud fija 01965cam a2200337 i 4500
001 - NÚMERO DE CONTROL
campo de control ssj0001939295
003 - IDENTIFICADOR DEL NÚMERO DE CONTROL
campo de control WaSeSS
005 - FECHA Y HORA DE LA ÚLTIMA TRANSACCIÓN
campo de control 20251023145805.0
006 - CÓDIGOS DE INFORMACIÓN DE LONGITUD FIJA--CARACTERÍSTICAS DEL MATERIAL ADICIONAL
campo de control de longitud fija m d
007 - CAMPO FIJO DE DESCRIPCIÓN FÍSICA--INFORMACIÓN GENERAL
campo de control de longitud fija cr n
008 - DATOS DE LONGITUD FIJA--INFORMACIÓN GENERAL
campo de control de longitud fija 171107s2018 maua s 001 0 eng d
010 ## - NÚMERO DE CONTROL DE LA BIBLIOTECA DEL CONGRESO
Número de control de LC 2017048270
020 ## - NÚMERO INTERNACIONAL ESTÁNDAR DEL LIBRO
Número Internacional Estándar del Libro 9781633694286
040 ## - FUENTE DE LA CATALOGACIÓN
Centro catalogador/agencia de origen MH/DLC
Lengua de catalogación eng
Centro/agencia transcriptor MH
Centro/agencia modificador DLC
-- WaSeSS
041 ## - CÓDIGO DE LENGUA
Código de lengua del texto/banda sonora o título independiente eng
042 ## - CÓDIGO DE AUTENTICACIÓN
Código de autenticación pcc
050 00 - SIGNATURA TOPOGRÁFICA DE LA BIBLIOTECA DEL CONGRESO
Número de clasificación HD30.215
Número de documento/Ítem .H37 2018
245 00 - MENCIÓN DE TÍTULO
Título HBR guide to data analytics basics for managers.
260 ## - PUBLICACIÓN, DISTRIBUCIÓN, ETC.
Lugar de publicación, distribución, etc. Boston, MA :
Nombre del editor, distribuidor, etc. Harvard Business Review Press,
Fecha de publicación, distribución, etc. 2018.
300 ## - DESCRIPCIÓN FÍSICA
Extensión x, 231 pages :
Otras características físicas illustrations ;
Dimensiones 23 cm
490 ## - MENCIÓN DE SERIE
Mención de serie Harvard Business Review guides
500 ## - NOTA GENERAL
Nota general Includes index.
520 ## - SUMARIO, ETC.
Sumario, etc. Don't let a fear of numbers hold you back. Today's business environment brings with it an onslaught of data, but leaving the analysis to others in your company just won't cut it. Now more than ever, managers must know how to tease insight from data--to understand where it comes from, make sense of the numbers, and use those findings to inform their toughest decisions. But how do you get started? Whether you're working with data experts or running your own tests, you'll find answers in the HBR Guide to Data Analytics Basics for Managers. This book describes a three-step process to get the information you need, study the data, and communicate your findings to others. You'll learn how to: Identify the metrics you need to measure; Formulate hypotheses and test against them; Ask the right questions of your data experts; Understand statistical terms and concepts; Create effective charts and visualizations; Avoid common mistakes.
650 #0 - PUNTO DE ACCESO ADICIONAL DE MATERIA--TÉRMINO DE MATERIA
Término de materia o nombre geográfico como elemento de entrada Management
Subdivisión general Statistical methods
9 (RLIN) 3042
650 #0 - PUNTO DE ACCESO ADICIONAL DE MATERIA--TÉRMINO DE MATERIA
Término de materia o nombre geográfico como elemento de entrada Quantitative research
9 (RLIN) 22003
650 #0 - PUNTO DE ACCESO ADICIONAL DE MATERIA--TÉRMINO DE MATERIA
Término de materia o nombre geográfico como elemento de entrada Decision making
Subdivisión general Statistical methods
9 (RLIN) 10045
650 #0 - PUNTO DE ACCESO ADICIONAL DE MATERIA--TÉRMINO DE MATERIA
Término de materia o nombre geográfico como elemento de entrada Decision support systems
9 (RLIN) 26284
650 #0 - PUNTO DE ACCESO ADICIONAL DE MATERIA--TÉRMINO DE MATERIA
Término de materia o nombre geográfico como elemento de entrada Information visualization
9 (RLIN) 9123
710 ## - ENTRADA AGREGADA--NOMBRE DE ENTIDAD CORPORATIVA
Nombre de entidad corporativa o nombre de jurisdicción como elemento de entrada Harvard Business Review Press (Firm)
9 (RLIN) 25086
942 ## - ELEMENTOS DE ENTRADA AGREGADA (KOHA)
Fuente del sistema de clasificación o colocación Clasificación de Library of Congress
Holdings
Estado de retiro Estado de pérdida Fuente del sistema de clasificación o colocación Estado dañado No para préstamo Biblioteca de origen Biblioteca actual Fecha de adquisición Total de préstamos Signatura topográfica completa Código de barras Fecha visto por última vez Número de copia Precio válido a partir de Tipo de ítem Koha
    Clasificación de Library of Congress     TBS Barcelona TBS Barcelona 23/10/2025   HD30.215 HBR B05710 23/10/2025 1 23/10/2025 Book

Powered by Koha